[Event "Polonia Wroclaw Masters Cup-GM"]
[Site "Wroclaw"]
[Date "2019.04.28"]
[Round "1.1"]
[White "Tazbir, Marcin"]
[Black "Cukrowski, Filip"]
[Result "1/2-1/2"]
[WhiteElo "2540"]
[BlackElo "2421"]
[Annotator "TA"]
[PlyCount "37"]
[EventDate "2019.04.28"]
[EventType "tourn"]
[EventCountry "POL"]
[SourceTitle "playchess.com"]
[Source "ChessBase"]
[SourceQuality "1"]

{[%evp 20,37,0,0,0,0,0,0,0,0,0,0,0,0,0,0,0,0,0,0]} 1. d4 Nf6 2. c4 e6 3. Nc3 Bb4 4. e3 O-O 5. Bd3 d5 6. Nf3 c5 7. O-O dxc4 8. Bxc4 cxd4 9. exd4 b6 10. Ne5 Bb7 11. Bg5 {The position is equal.} Nbd7 {E54: Nimzo-Indian: Rubinstein: Main Line: 7...dxc4 8 Bxc4} 12. Nxd7 Qxd7 13. Bxf6 gxf6 14. d5 {Black must now prevent dxe6.} Bxc3 15. bxc3 {dxe6 is the strong threat.} Bxd5 16. Qg4+ Kh8 {[#] aiming for ...Bxg2!} 17. Qd4 (17. Qh4 Bxc4 18. Qxf6+ Kg8 19. Qg5+ Kh8 20. Qf6+ Kg8 21. Qg5+ Kh8 22. Qf6+ Kg8 {½-½ (22) Zhigalko,S (2638)-Adams,M (2727) Heraklio 2017}) 17... Kg7 $146 ({Predecessor:} 17... Rac8 18. Qxf6+ Kg8 19. Qg5+ Kh8 20. Qf6+ Kg8 21. Qg5+ Kh8 22. Qf6+ Kg8 {½-½ (22) Hera,I (2567)-Farago,I (2500) Triesen 2012}) 18. Qg4+ Kh8 {Hoping for ...Rg8.} 19. Qd4 1/2-1/2

[Event "Polonia Wroclaw Masters Cup-GM"]
[Site "Wroclaw"]
[Date "2019.04.28"]
[Round "1.2"]
[White "Gumularz, Szymon"]
[Black "Sivuk, Vitaliy"]
[Result "0-1"]
[WhiteElo "2483"]
[BlackElo "2523"]
[Annotator "TA"]
[PlyCount "80"]
[EventDate "2019.04.28"]
[EventType "tourn"]
[EventCountry "POL"]
[SourceTitle "playchess.com"]
[Source "ChessBase"]
[SourceQuality "1"]

{[%evp 16,80,10,0,18,0,0,0,10,0,6,6,13,0,0,0,14,0,0,0,0,-10,3,6,34,24,37,25,54,43,47,42,52,43,42,24,21,-10,3,-3,0,-121,0,-154,-163,-156,-140,-159,-165,-164,-154,-274,0,-200,-214,-670,-693,-725,-706,-29969,-5576,-29985,-29986,-29992,-29993,-29993,-29994]} 1. e4 e5 2. Nf3 Nc6 3. Bb5 a6 4. Ba4 Nf6 5. O-O Be7 6. d3 b5 {[%cal Bb7b5,Bb5b4][%mdl 32]} 7. Bb3 d6 8. a3 O-O 9. Nc3 Nb8 {C77: Ruy Lopez: 3...a6 4 Ba4 Nf6, unusual lines} (9... Bg4 10. Be3 Nd4 11. Bxd4 exd4 12. Nd5 Nd7 13. h3 Bxf3 14. Qxf3 c6 15. Nf4 Nc5 16. Ba2 a5 17. Qg4 Kh8 18. Ne2 {1-0 (48) Caruana,F (2828)-Postny,E (2623) chess.com INT 2019}) 10. a4 b4 $1 {[%cal Rb4c3]} 11. Nd5 Nxd5 {The position is equal.} 12. Bxd5 c6 13. Bb3 Bg4 {[#]} 14. c3 $146 ({Predecessor:} 14. h3 Bh5 15. a5 Nd7 16. Bd2 Nc5 17. Bxb4 Nxb3 18. cxb3 {½-½ (40) Moskalenko,A (2558)-Sek,K (2476) Yaroslavl 2018}) 14... bxc3 15. bxc3 Nd7 16. h3 Bh5 17. d4 Rb8 18. Bc2 Qa5 19. Qd3 Bg6 20. Ba3 Rfe8 21. Bb4 Qc7 22. dxe5 d5 23. Bxe7 Rxe7 24. Qxa6 dxe4 25. Nd4 Nxe5 26. Rab1 Ree8 27. Rfe1 h6 28. a5 (28. Bxe4 $2 Bxe4 29. Rxb8 Qxb8 $19) (28. Rxb8 $11 Rxb8 29. a5) 28... Nd3 ({Black should play} 28... c5 $17 29. Rxb8 Qxb8) 29. Rf1 $2 (29. Rxb8 $11 Rxb8 30. Ra1) 29... c5 $17 30. Nb5 Qe5 {Hoping for ...e3.} 31. Qd6 Qg5 32. Bxd3 exd3 33. f4 {[#]} Qf5 $2 (33... Qh4 $1 $19 {White must now prevent ...Rbd8.} 34. Qd5 (34. Qxc5 $2 Re2 $19) 34... Rbd8 35. Qxc5 d2) 34. a6 $2 {[#]} (34. Nd4 $1 $11 {and White has nothing to worry.} Qf6 35. Qxf6 (35. Rxb8 Qxd6 36. Rxe8+ Kh7 $19) (35. Qxb8 Rxb8 36. Rxb8+ Kh7 $11) 35... gxf6 36. Rxb8 Rxb8 37. Nf3) 34... Rbd8 $1 $19 {...d2 is the strong threat.} 35. Qc6 $2 (35. Rbe1 Rf8 36. g4) 35... d2 36. Rbd1 {And now Rxd2! would win.} Qd3 {Threatens to win with ...Re2.} 37. Nc7 Re2 {( -> ...Be4!)} 38. Qf3 Be4 {Black mates.} 39. Qxd3 Rxg2+ ({Not} 39... Bxd3 40. a7 $17) 40. Kh1 Rxd3 {Accuracy: White = 28%, Black = 55%.} 0-1

[Event "Polonia Wroclaw Masters Cup-GM"]
[Site "Wroclaw"]
[Date "2019.04.28"]
[Round "1.3"]
[White "Kozak, Antoni"]
[Black "Skawinski, Arkadiusz"]
[Result "1/2-1/2"]
[WhiteElo "2404"]
[BlackElo "2392"]
[Annotator "TA"]
[PlyCount "56"]
[EventDate "2019.04.28"]
[EventType "tourn"]
[EventCountry "POL"]
[SourceTitle "playchess.com"]
[Source "ChessBase"]
[SourceQuality "1"]

{[%evp 16,56,0,0,31,29,49,42,33,34,8,66,40,59,52,58,53,45,72,33,47,0,0,0,0,0,0,0,0,0,31,-2,56,52,87,82,85,82,74,77,414,0,435]} 1. d4 d5 2. c4 e6 3. Nc3 c6 4. e4 dxe4 5. Nxe4 Bb4+ 6. Bd2 Qxd4 7. Bxb4 Qxe4+ 8. Be2 Na6 9. Ba5 {[%csl Ga5][%cal Rd1d8]} b6 {D31: Queen's Gambit Declined: Semi-Slav without ...Nf6 (+ Marshall Gambit and Noteboom) and Exchange Variation lines without ...Nf6} 10. Qd6 $1 {Hoping for 0-0-0.} bxa5 ({Wrong is} 10... Ne7 $2 11. O-O-O $18) 11. Rd1 $1 {[%csl Gd1][%cal Rd6d8]} f6 $1 {White is slightly better.} 12. f3 Qe3 13. Qxc6+ {[%mdl 64] [#] Double Attack} Kf7 14. Qxa8 Ne7 15. Qe4 Qb6 16. Qc2 Nc5 $146 {[%cal Ba6c5,Bc5a4,Ba4b2][%mdl 32]} ({Predecessor:} 16... e5 17. Qb3 Qxb3 18. axb3 {½-½ (34) Vazquez Igarza,R (2578)-Vega Gutierrez,S (2389) Las Palmas 2017}) 17. Bd3 Nc6 {Strongly threatening ...Nb4.} 18. Qc3 Na4 $1 {[%cal Ra4c3][%mdl 64] Double Attack} 19. Qb3 $1 {[%cal Rb3a4]} Nxb2 20. Rd2 Nxd3+ 21. Rxd3 Ne5 22. Rc3 Ba6 23. Ne2 Qb4 ({Black should play} 23... Rd8 $11) 24. O-O $1 $14 Bxc4 {[#]} 25. Qc2 $1 {Black must now prevent Rb1.} Rd8 {aiming for ...Bxe2.} 26. Rb1 Qc5+ 27. Kh1 {f4 is the strong threat.} Nd3 $2 {[%mdl 8192]} (27... Qd5 $16) 28. Rxc4 ({Weaker is} 28. Rb7+ Kg8 $11) 28... Nf2+ {[%mdl 32768] Accuracy: White = 68%, Black = 31%. . An unexpected result.} 1/2-1/2

[Event "Polonia Wroclaw Masters Cup-GM"]
[Site "Wroclaw"]
[Date "2019.04.28"]
[Round "1.4"]
[White "Pranav Anand"]
[Black "Przybylski, Wojciech"]
[Result "0-1"]
[WhiteElo "2359"]
[BlackElo "2320"]
[Annotator "TA"]
[PlyCount "119"]
[EventDate "2019.04.28"]
[EventType "tourn"]
[EventCountry "POL"]
[SourceTitle "playchess.com"]
[Source "ChessBase"]
[SourceQuality "1"]

{[%evp 15,119,33,27,32,35,35,31,20,17,0,30,-3,-22,-15,0,-22,-23,-27,0,-5,-8,-19,0,0,0,0,0,0,0,0,0,0,0,0,0,0,0,0,0,0,0,-8,-10,-10,0,-3,0,0,0,0,0,0,0,-8,-8,-8,-8,-8,-8,-24,0,0,0,0,0,0,0,0,0,0,0,0,0,0,0,0,0,0,0,0,0,0,0,0,0,0,0,0,0,0,0,0,0,0,0,0,0,0,0,0,0,0,0,0,0,-12]} 1. d4 d5 2. c4 dxc4 3. e4 e5 4. Nf3 exd4 5. Bxc4 Bb4+ 6. Nbd2 Nc6 7. O-O Nf6 8. e5 Nd5 9. Nb3 {D20: Queen's Gambit Accepted: 3 e3 and 3 e4} Be7 (9... Nb6 10. Bb5 Bd7 11. a3 Be7 12. Qe2 O-O 13. Rd1 Re8 14. Bd3 Bf6 15. Bxh7+ Kxh7 16. Qd3+ Kg8 17. exf6 Qxf6 18. Bg5 {½-½ (32) Lenderman,A (2626)-Bruzon Batista,L (2653) Saint Louis 2018}) 10. Nbxd4 Nxd4 11. Nxd4 {White is slightly better.} O-O 12. Bb3 $146 ({Predecessor:} 12. b3 Bc5 13. Nf3 c6 14. Bb2 Be6 15. Nd4 Bxd4 16. Qxd4 Nc7 {½-½ (40) Andre,G (2197)-Langer,C (2091) Werther 2000}) 12... c5 13. Nf5 Bxf5 14. Bxd5 Qd7 15. Be3 Rad8 16. Bf3 Qxd1 (16... Bd3 {is more complex.} 17. Re1 b5 18. Qc1 c4 19. a3 Rfe8) 17. Rfxd1 b6 18. Kf1 Be6 19. b3 f6 20. exf6 Bxf6 21. Rac1 Rxd1+ 22. Bxd1 Be5 23. g3 Kf7 24. Be2 Rd8 25. f4 Bd4 26. Rd1 Bh3+ 27. Ke1 Bc3+ 28. Kf2 Rxd1 29. Bxd1 $11 {[%mdl 4096] Endgame KBB-KBB} Be6 30. Be2 Ke7 31. g4 Kd6 32. h3 Kc6 33. Bd3 h6 34. f5 Bd5 35. h4 b5 36. g5 hxg5 37. hxg5 c4 38. bxc4 {The position is equal.} bxc4 39. Bc2 a6 40. a4 Be5 41. Ke2 Kd6 42. Ba7 {[#] Strongly threatening Bb8+.} Bb2 43. Bb6 Bc6 44. Ke3 Bc1+ 45. Kd4 {Hoping for Bc5+.} Bxg5 46. Bc5+ Kc7 47. Kxc4 a5 48. Bf8 Bf6 49. Kc5 Be5 50. Be7 Bb2 {[#] Threatens to win with ...Ba3+.} 51. Bd6+ Kb7 {And now ...Ba3+ would win.} 52. Bf4 Ba3+ 53. Kc4 Be7 54. Be5 Bf6 55. Bxf6 gxf6 56. Kc5 {Black must now prevent Kd6.} Kc7 57. Bb3 Bd7 58. Bc2 Bc6 59. Bb3 Bd7 60. Kd4 {[%mdl 32768] Accuracy: White = 79%, Black = 75%. . Sensor Board Error (Ke4/e5)?} 0-1

[Event "Polonia Wroclaw Masters Cup-GM"]
[Site "Wroclaw"]
[Date "2019.04.28"]
[Round "1.5"]
[White "Kantans, Toms"]
[Black "Swayams, Mishra"]
[Result "1/2-1/2"]
[WhiteElo "2513"]
[BlackElo "2478"]
[Annotator "TA"]
[PlyCount "36"]
[EventDate "2019.04.28"]
[EventType "tourn"]
[EventCountry "POL"]
[SourceTitle "playchess.com"]
[Source "ChessBase"]
[SourceQuality "1"]

{[%evp 9,36,36,42,44,40,39,63,16,9,9,16,9,9,5,32,6,6,0,0,0,10,0,7,5,7,14,25,14,12]} 1. e4 e6 2. d4 d5 3. Nd2 Be7 4. e5 Nh6 (4... c5 5. c3 Nc6 6. Bd3 Bd7 7. Qg4 Kf8 8. Ne2 h5 9. Qf3 cxd4 10. cxd4 Qb6 11. Nb3 a5 12. Nf4 Ke8 13. Nxh5 a4 14. Nxg7+ {1-0 (46) Mamedov,R (2703)-Lagarde,M (2616) Skopje 2018}) 5. Ndf3 Nf5 6. Bd3 {C03: French Tarrasch: Unusual Black 3rd moves} c5 7. dxc5 Bxc5 8. Bxf5 {White is slightly better.} (8. Nh3 {is more complex.} Nc6 9. O-O Nh4 10. Re1 Ng6 11. c3) 8... exf5 9. Ne2 Nc6 10. O-O O-O $146 ({Predecessor:} 10... Be6 11. Bg5 Qd7 12. Ng3 {1-0 (45) Liang,A (2488)-Feng,M (2298) Chicago 2017}) 11. c3 Be6 12. Ned4 Bxd4 13. cxd4 Qb6 14. b3 Rfc8 15. Qd2 Nb4 16. Ba3 a5 17. Rfc1 h6 18. Ne1 Rxc1 {Accuracy: White = 54%, Black = 66%.} 1/2-1/2

[Event "Polonia Wroclaw Masters Cup-GM"]
[Site "Wroclaw"]
[Date "2019.04.29"]
[Round "2.1"]
[White "Cukrowski, Filip"]
[Black "Swayams, Mishra"]
[Result "0-1"]
[WhiteElo "2421"]
[BlackElo "2478"]
[Annotator "TA"]
[PlyCount "90"]
[EventDate "2019.04.28"]
[EventType "tourn"]
[EventCountry "POL"]
[SourceTitle "playchess.com"]
[Source "ChessBase"]
[SourceQuality "1"]

{[%evp 13,90,8,0,3,13,6,10,10,25,28,28,20,9,-6,0,-14,10,-35,-32,-29,-24,-17,-25,-25,-17,-21,-24,-25,-12,-11,0,0,-5,-43,-37,-97,-97,-146,-154,-147,-147,-147,-154,-153,-159,-124,-116,-197,-190,-196,-190,-189,-153,-228,-205,-244,-240,-258,-251,-336,-336,-486,-505,-793,-778,-791,-778,-1194,-1129,-1180,-29961,-29959,-6291,-6322,-6095,-29965,-29961,-5322,-3368]} 1. e4 e6 2. d4 d5 3. Nd2 Be7 4. Bd3 c5 5. dxc5 Nf6 6. exd5 Qxd5 7. Ngf3 Nbd7 8. O-O {C03: French Tarrasch: Unusual Black 3rd moves} (8. b4 a5 9. Bc4 Qh5 10. c3 Nd5 11. Bxd5 Qxd5 12. a4 b6 13. O-O bxc5 14. b5 Bb7 15. c4 Qf5 {½-½ (44) Naiditsch,A (2716)-Edouard,R (2602) Mulhouse 2011}) 8... Nxc5 9. Bc4 Qd6 10. Nb3 {The position is equal.} b6 11. Qxd6 Bxd6 12. Rd1 Ke7 13. Be3 $146 ({Predecessor:} 13. Nfd4 Bd7 14. Re1 g6 15. Nb5 Bxb5 16. Bxb5 {1-0 (44) Vlasveld,W (2497)-Thomsen,K (2447) ICCF email 2010}) 13... Bb7 14. Ng5 {[#] Rxd6! is the strong threat.} Nce4 15. h3 Rac8 16. Bd3 Nxg5 17. Bxg5 h6 18. Bd2 Rhd8 19. a4 Ne4 $36 {[%mdl 2048] White is under pressure.} 20. Be1 a5 21. f3 Nc5 22. Nxc5 Bxc5+ 23. Bf2 Rd6 24. c3 {[#]} (24. Bxc5 $15 Rxc5 25. Kh2) 24... Rcd8 $1 $17 25. Bxc5 bxc5 26. Be2 Rd2 27. Rxd2 Rxd2 {[%mdl 4096] Endgame KRB-KRB} 28. Bb5 Bd5 29. c4 Bb7 30. Rf1 (30. Ra3 $17 {is a better defense.}) 30... g5 $19 ({Resist} 30... Rxb2 31. Rd1 $17) 31. Rf2 Rd1+ 32. Rf1 Rd4 33. Rf2 (33. Re1 $17) 33... Kd6 34. Kf1 f5 35. Ke2 e5 36. Rf1 f4 37. b3 (37. Rf2 {keeps fighting.}) 37... e4 38. Be8 (38. Rb1 $142 Rd3 39. fxe4 Bxe4 40. Rb2) 38... e3 39. Rd1 Ke5 40. Rd3 Bc8 41. Bg6 Rxd3 42. Kxd3 Bf5+ 43. Bxf5 Kxf5 44. Kc3 Kg6 45. Kd3 Kh5 {Accuracy: White = 40%, Black = 87%.} 0-1

[Event "Polonia Wroclaw Masters Cup-GM"]
[Site "Wroclaw"]
[Date "2019.04.29"]
[Round "2.2"]
[White "Przybylski, Wojciech"]
[Black "Kantans, Toms"]
[Result "0-1"]
[WhiteElo "2320"]
[BlackElo "2513"]
[Annotator "TA"]
[PlyCount "74"]
[EventDate "2019.04.28"]
[EventType "tourn"]
[EventCountry "POL"]
[SourceTitle "playchess.com"]
[Source "ChessBase"]
[SourceQuality "1"]

{[%evp 11,74,21,30,26,20,10,28,27,33,0,0,0,0,0,0,0,0,10,53,43,33,49,62,32,46,56,52,54,79,70,62,110,113,-14,-15,-236,-109,-159,-114,-116,-105,-135,-129,-138,-116,-391,-368,-361,-301,-334,-314,-343,-335,-347,-348,-368,-351,-396,-392,-479,-472,-498,-489,-796,-779]} 1. e4 c5 2. Nf3 d6 3. d4 cxd4 4. Nxd4 Nf6 5. Nc3 a6 6. h3 b5 7. g4 {B90: Sicilian Najdorf: Unusual White 6th moves, 6 Be3 Ng4 and 6 Be3 e5} Bb7 8. Bg2 g6 9. O-O {White has an edge.} Nbd7 10. g5 $146 ({Predecessor:} 10. Re1 e5 11. Nde2 h5 12. Bg5 hxg4 13. hxg4 Be7 14. Ng3 Rc8 {0-1 (36) Drori,S (2420)-Ponkratov,P (2613) Batumi 2018}) 10... Nh5 $1 11. a4 b4 12. Nd5 e6 13. Nxb4 h6 14. gxh6 Bxh6 15. Bxh6 Rxh6 16. Qd2 $36 {[%mdl 2048] White has the initiative.} Rh7 17. Nd3 e5 18. Ne2 Ndf6 19. Nc3 g5 20. Qxg5 Rg7 21. Qe3 Qd7 22. f4 (22. Rfd1 $16) 22... O-O-O $1 $11 {[%cal Ba8d8,Bd8h8,Bh8h4][%mdl 32]} 23. f5 $2 (23. fxe5 $11 Rdg8 24. Ne1 dxe5 25. Rd1) 23... Ng3 (23... Rdg8 $19 24. Ne1 d5 25. Qc5+ Qc7 26. Qxc7+ Kxc7 27. exd5 Nxd5) 24. Kf2 (24. Qh6 $2 Rdg8 $19) 24... Nxf1 25. Rxf1 Rh8 26. Rd1 Qc7 27. Ne1 Rh4 {aiming for ...Rf4+.} 28. Nd5 $2 {[%mdl 8192]} (28. Rd3 $17 {keeps fighting.}) 28... Bxd5 $19 29. exd5 Qc4 {...Rf4+ is the strong threat.} ({Resist} 29... Rxa4 30. Rd3 $19) (29... Rf4+ 30. Kg1 $19) 30. Rd3 {Threatens to win with Rc3.} Qf4+ 31. Ke2 Qxe3+ ({Much less strong is} 31... Qxa4 32. Rc3+ Kb7 33. Rb3+ Rb4 34. Qh6 $19) ({Weaker is} 31... Qxf5 {[#]} 32. Qb6 $1 $19 {[%mdl 512]}) 32. Rxe3 Rxa4 33. b3 Rd4 34. c3 Rf4 35. Bf3 e4 {Black is clearly winning.} 36. Bg2 Nxd5 37. Rxe4 {[#]} (37. Bxe4 $142 Nxe3 38. Kxe3) 37... Rxg2+ $1 {[%mdl 576] Remove Defender. Accuracy: White = 38%, Black = 67%.} 0-1

[Event "Polonia Wroclaw Masters Cup-GM"]
[Site "Wroclaw"]
[Date "2019.04.29"]
[Round "2.3"]
[White "Skawinski, Arkadiusz"]
[Black "Pranav Anand"]
[Result "1-0"]
[WhiteElo "2392"]
[BlackElo "2359"]
[Annotator "TA"]
[PlyCount "85"]
[EventDate "2019.04.28"]
[EventType "tourn"]
[EventCountry "POL"]
[SourceTitle "playchess.com"]
[Source "ChessBase"]
[SourceQuality "1"]

{[%evp 13,85,14,16,5,12,6,12,10,7,-8,-1,-27,0,0,4,0,0,0,0,0,0,0,0,-2,24,10,2,7,133,129,176,181,159,160,158,182,228,189,330,337,319,308,317,296,384,373,347,370,423,420,401,387,481,450,463,210,210,210,215,210,213,206,587,560,511,498,511,498,584,336,416,401,342,335]} 1. e4 e5 2. Nf3 Nc6 3. Bb5 a6 4. Ba4 Nf6 5. O-O Be7 6. d3 b5 7. Bb3 d6 8. a3 {C84: Closed Ruy Lopez: Unusual White 6th moves} Na5 9. Ba2 c5 10. Nc3 {The position is equal.} Be6 11. Nd5 (11. Nh4 O-O 12. Nf5 Nc6 13. Bg5 Bxf5 14. exf5 Qd7 15. g4 Rac8 16. Bxf6 Bxf6 {½-½ (31) Nepomniachtchi,I (2771)-Adams,M (2708) Astana 2019}) 11... Nxd5 12. exd5 Bd7 13. b4 Nb7 14. bxc5 Nxc5 15. d4 $36 {[%mdl 2048] White has good play.} exd4 16. Nxd4 O-O $146 17. Nc6 Bxc6 $1 18. dxc6 Rc8 19. Bd5 Bf6 20. Rb1 Qc7 (20... Na4 $11 21. Bd2 Bc3) 21. Bd2 $16 Rfe8 22. Re1 Be5 23. Qf3 Ne6 24. c4 Nd4 25. Qd3 Rb8 (25... Qd8 $142 26. cxb5 axb5) 26. cxb5 $18 axb5 27. Be3 Ne6 28. Rxb5 Nc5 29. Rxb8 Rxb8 30. Qc2 g6 31. Rb1 Rxb1+ 32. Qxb1 Kf8 33. Qb5 Ke7 34. Bxc5 (34. a4 $142) 34... dxc5 35. Qxc5+ Bd6 {[#]} 36. Qe3+ $1 Kf8 37. g3 h5 $2 (37... Qe7 {is more resistant.} 38. Qc3 Be5) 38. Qh6+ Ke8 39. Qh8+ Ke7 40. Qg7 Ke8 41. Qf6 {Hoping for Bxf7+!} Be5 {[#]} 42. Bxf7+ $1 {[%mdl 512]} Kf8 (42... Qxf7 43. Qxe5+) 43. Qe6 {Accuracy: White = 76%, Black = 33%.} ({Less strong is} 43. Qxg6 Qxf7 44. Qe4 Bc7 $16) 1-0

[Event "Polonia Wroclaw Masters Cup-GM"]
[Site "Wroclaw"]
[Date "2019.04.29"]
[Round "2.4"]
[White "Sivuk, Vitaliy"]
[Black "Kozak, Antoni"]
[Result "1/2-1/2"]
[WhiteElo "2523"]
[BlackElo "2404"]
[Annotator "TA"]
[PlyCount "128"]
[EventDate "2019.04.28"]
[EventType "tourn"]
[EventCountry "POL"]
[SourceTitle "playchess.com"]
[Source "ChessBase"]
[SourceQuality "1"]

{[%evp 13,128,33,29,31,30,37,43,53,49,26,33,0,23,4,7,7,25,-6,81,68,75,54,43,43,54,51,56,0,91,80,164,122,172,97,142,127,133,72,68,66,78,78,70,77,85,0,0,1,0,8,0,0,0,7,0,0,0,0,0,-3,0,0,0,0,8,3,8,0,0,0,8,0,8,8,14,20,70,48,75,74,166,166,166,166,166,166,166,76,166,166,166,166,166,159,159,159,159,93,101,8,8,8,8,8,30,0,0,0,0,0,0,0,0,0,0,0,0]} 1. d4 Nf6 2. c4 e6 3. Nf3 c5 4. d5 exd5 5. cxd5 d6 6. e4 g6 7. h3 Bg7 8. Bd3 {E10: Blumenfeld Gambit} O-O 9. O-O c4 10. Bc2 {White is slightly better.} b5 (10... Na6 11. Na3 Re8 12. Re1 Nc5 13. Bg5 h6 14. Be3 c3 15. Bxc5 cxb2 {1-0 (56) Zoler,D (2503)-Rechlis,G (2526) Israel 2019}) 11. Nd4 Re8 12. Re1 Qb6 $146 ({Predecessor:} 12... a6 13. a4 b4 14. Nd2 Qc7 15. N2f3 Bb7 {0-1 (35) Bates,R (2337)-Jackson,J (2283) Ascot 2014}) 13. Nc3 (13. Nf3 {feels hotter.} Qc7 14. Nc3 a6 15. Be3 Nbd7 16. Bd4) 13... b4 14. Na4 Qd8 15. Bf4 Bf8 (15... Nxd5 $6 16. exd5 Rxe1+ 17. Qxe1 $16) (15... Bd7 $11 {keeps the balance.}) 16. Qf3 $36 {[%mdl 2048] Black is under pressure.} Bb7 17. b3 c3 18. a3 a5 19. Bd3 Nbd7 20. Bb5 (20. axb4 $14 axb4 21. Nc2) 20... Ne5 (20... Rxe4 $1 $11 21. Rxe4 Bxd5 {[%mdl 64] Pin}) 21. Qe2 Bg7 (21... Ned7 $16 {is a better defense.} 22. Qd3 Re7) 22. Nc2 Re7 23. Bg5 (23. axb4 $18 axb4 24. Nxb4) 23... bxa3 24. Nxa3 h6 25. Bh4 ({Better is} 25. Be3) 25... g5 $16 26. Bg3 Ng6 $1 27. Qc2 ({But not} 27. Nxc3 $6 Nxd5 28. Nxd5 Bxd5 $11) 27... Nh5 28. Bh2 $1 Nhf4 29. Nc4 (29. Rad1 $16) 29... Rb8 $11 30. Nxc3 Bxc3 31. Qxc3 Bxd5 $1 32. Qxa5 Rxe4 33. Qxd8+ Rxd8 34. Rxe4 Bxe4 35. f3 Bd3 36. Bc6 Bxc4 (36... Rc8 {keeps more tension.} 37. Bb7 Rc7 38. Ra8+ Kh7 39. Bxf4 Nxf4 40. Be4+ Bxe4 41. fxe4 d5) 37. bxc4 Ne5 38. Bxf4 Nxc6 {[%mdl 4096] Endgame KRB-KRN} 39. Bh2 f6 40. f4 gxf4 41. Bxf4 Ne5 42. Ra7 Nxc4 43. Bxh6 {With the idea Rg7+.} Ne5 44. Rg7+ Kh8 45. Re7 $1 Kg8 46. Bg7 $1 f5 (46... Nd7 $16) 47. Bxe5 $18 dxe5 48. Rxe5 {KR-KR} Rf8 49. Re7 $1 Ra8 {[#]} 50. Kf2 $1 Ra5 (50... Ra2+ $16 51. Kf3 Ra3+ 52. Re3 Ra4) 51. Kf3 Kf8 52. Rc7 Ra3+ 53. Kf4 Ra2 {[#]} 54. g3 $1 Rf2+ 55. Kg5 (55. Ke3 $142 Rf1 56. h4) 55... Rf3 $16 56. Kh4 (56. g4 $16) 56... Kg8 $11 57. Rb7 Kh8 58. Rb4 (58. Rf7 {is interesting.} Kg8 59. Rf6 Kg7 60. Rd6 Rb3 61. Rc6) 58... Kg7 59. Rf4 Rxf4+ $1 {The position is equal.} 60. gxf4 {White threatens Kg5 and mate.} Kg6 61. Kg3 Kh5 62. Kg2 Kh4 63. Kh2 Kh5 64. Kg3 {Threatens to win with Kf3.} Kg6 {Accuracy: White = 47%, Black = 54%.} 1/2-1/2

[Event "Polonia Wroclaw Masters Cup-GM"]
[Site "Wroclaw"]
[Date "2019.04.29"]
[Round "2.5"]
[White "Tazbir, Marcin"]
[Black "Gumularz, Szymon"]
[Result "1/2-1/2"]
[WhiteElo "2540"]
[BlackElo "2483"]
[Annotator "TA"]
[PlyCount "27"]
[EventDate "2019.04.28"]
[EventType "tourn"]
[EventCountry "POL"]
[SourceTitle "playchess.com"]
[Source "ChessBase"]
[SourceQuality "1"]

{[%evp 10,27,25,-30,-27,-23,-8,-16,-12,-21,-21,-22,-31,-31,0,0,0,0,26,15]} 1. c4 Nf6 2. g3 e6 3. Bg2 d5 4. Nf3 Be7 5. O-O O-O 6. Qc2 (6. d4 $142) 6... d4 $11 {A14: English Opening: 1...e6 with b3 by White} 7. a3 (7. d3 Nc6 8. a3 a5 9. e3 e5 10. exd4 exd4 11. Re1 Re8 12. Bg5 h6 13. Bxf6 Bxf6 14. Rxe8+ Qxe8 {½-½ (26) Svidler,P (2760)-Kramnik,V (2800) Moscow 2018}) 7... c5 8. e3 a5 {The position is equal.} 9. exd4 cxd4 10. d3 Nc6 11. Bg5 Nd7 $146 ({Predecessor:} 11... e5 12. Re1 h6 13. Bxf6 Bxf6 14. Nbd2 {0-1 (48) Zhao,Y (2379)-Xu,Y (2534) Tianjin 2018}) 12. Bxe7 Qxe7 13. Nbd2 e5 14. Rfe1 1/2-1/2

[Event "Polonia Wroclaw Masters Cup-GM"]
[Site "Wroclaw"]
[Date "2019.04.30"]
[Round "3.1"]
[White "Gumularz, Szymon"]
[Black "Cukrowski, Filip"]
[Result "1-0"]
[WhiteElo "2483"]
[BlackElo "2421"]
[Annotator "TA"]
[PlyCount "75"]
[EventDate "2019.04.28"]
[EventType "tourn"]
[EventCountry "POL"]
[SourceTitle "playchess.com"]
[Source "ChessBase"]
[SourceQuality "1"]

{[%evp 24,75,41,30,51,41,62,48,58,51,67,76,80,77,77,78,85,74,83,81,84,78,79,86,157,148,185,185,183,179,210,202,228,232,241,242,253,284,258,276,693,693,693,693,687,682,677,657,2900,2618,4710,4702,3089,3149]} 1. e4 e5 2. Nf3 Nc6 3. Bb5 a6 4. Ba4 Nf6 5. O-O Be7 6. Re1 b5 7. Bb3 O-O 8. h3 d6 9. c3 Nb8 10. d4 Nbd7 11. c4 Bb7 12. Nc3 c6 13. a3 Qc7 {C95: Closed Ruy Lopez: Breyer Variation with 10 d4} (13... Rb8 14. Be3 Ba8 15. Qc2 h6 16. Rad1 Qc7 17. Ba2 Rbc8 18. Rc1 Qb8 19. Nh4 Rfe8 20. Nf5 Bf8 21. cxb5 axb5 {0-1 (46) Smirin,I (2609)-Kamsky,G (2666) St Petersburg 2018}) 14. Ba2 Rad8 15. Be3 $146 ({Predecessor:} 15. Qc2 h6 16. Be3 Rfe8 17. Rac1 Bf8 18. cxb5 cxb5 19. Qb3 Qc4 20. Qc2 {1-0 (44) Kalofonos,P (1859)-Tsekmes,D (1915) Greece 2014}) 15... bxc4 {White is slightly better.} 16. dxe5 dxe5 17. Qc2 Bc5 18. Bxc4 Bxe3 19. Rxe3 ({Don't play} 19. fxe3 $6 Nb6 $11) 19... Nb6 20. Bf1 c5 21. Rc1 Rd7 22. Na4 Nxa4 23. Qxa4 Rfd8 {[#]} ({Black should try} 23... Rc8) 24. b4 $1 $16 {[%cal Bb2b4,Bb4c5,Bc5b6][%mdl 32]} Nxe4 {[#]} 25. bxc5 $1 {And now c6 would win.} Bc6 ({But not} 25... Nxc5 26. Qb4 $16) 26. Qxa6 f5 27. Qb6 Re8 28. Bb5 Qxb6 29. Bc4+ Bd5 30. cxb6 Bxc4 31. Rxc4 Re6 $2 (31... Rd1+ 32. Re1 Nd2) 32. Rc8+ $18 {White is clearly winning.} Kf7 {[#]} 33. Rxe4 $1 {[%mdl 576] Remove Defender} fxe4 34. Ng5+ {[%mdl 64] Double Attack} Ke7 35. Nxe6 {Black must now prevent Nc5!} Kxe6 36. a4 {[%cal Ba3a4,Ba4a5][%mdl 32]} Rd1+ 37. Kh2 Rb1 38. a5 {Accuracy: White = 93%, Black = 37%.} 1-0